000
00253nam a22001217a 4500
003
SGT
082
_a
617.51
_b
H13K
100
_a
KIRTANE,MILIND V
245
_a
HEAD AND NECK SURGERY
260
_a
NEWYORK
_b
THIEME
_c
2013
300
_a
477
942
_2
ddc
_c
BK
999
_c
14351
_d
14351